| 000 | 00483nam a2200181Ia 4500 | ||
|---|---|---|---|
| 003 | GCL | ||
| 008 | 140319s9999 xx 000 0 eng d | ||
| 040 |
_aGCL / _cGCL |
||
| 082 | 0 | 4 |
_a618.2 _bC L |
| 100 | 1 | _aCHAMBERLAIN, GEOFFREY | |
| 245 | 1 | 0 |
_aLECTURE NOTES ON OBSTETRICS / _cCHAMBERLAIN, GEOFFREY |
| 260 |
_a[S.N] : _bBLACK WELL SCIENCE ، _c1996 |
||
| 300 | _a264 P | ||
| 650 | 0 | 4 | _aOBSTETRICS - LECTURE NOTES |
| 650 | 0 | 4 | _aMEDICINE |
| 650 | 0 | 4 | _aOBSTETRICS |
| 942 |
_2ddc _cBK |
||
| 999 |
_c13159 _d13159 |
||